Les emblèmes des équipes nationales de rugby du mondial 2015 - Statistiques

Statistiques générales
  • Ce quiz a été pris 1 406 fois
  • Le résultat moyen est 17 sur 20
Statistiques - réponses
Emblème Pays % Correct
Rose Angleterre
100%
Coq France
100%
Trèfle Irlande
100%
Springbok Afrique du Sud
99%
Wallaby Australie
99%
Chardon Ecosse
99%
Puma Argentine
98%
Fougère argentée Nouvelle Zélande
97%
Poireau Pays de Galles
97%
Feuille d'érable Canada
94%
Palmier Fidji
93%
Feuille de cerisisier Japon
91%
Lauriers Italie
87%
Colombe Tonga
85%
Palmier avec croix du sud Samoa
84%
Aigle Etats Unis
69%
Bordjgali (symbole solaire) Géorgie
66%
Aigle des mers Namibie
66%
Téro (oiseau) Uruguay
61%
Feuille de chêne Roumanie
60%
Aucun quiz correspondant
Distribution des résultats
% des personnes avec chaque résultat
Percentile par nombre de réponses
Votre historique - résultats
Vous n’avez pas pris ce quiz